5HLuxD.jpg

KING HENRY VIII SENIOR AND PRIMARY SCHOOL LIBRARY OPAC

Dead aid : (Record no. 231)

000 -LEADER
fixed length control field 01117cam a2200349 a 4500
001 - CONTROL NUMBER
control field 01586833
003 - CONTROL NUMBER IDENTIFIER
control field OSt
005 - DATE AND TIME OF LATEST TRANSACTION
control field 20190802084756.0
008 - FIXED-LENGTH DATA ELEMENTS--GENERAL INFORMATION
fixed length control field 090907r20102009enk b 001 0 eng
015 ## - NATIONAL BIBLIOGRAPHY NUMBER
National bibliography number GBA998924
Source bnb
020 ## - INTERNATIONAL STANDARD BOOK NUMBER
International Standard Book Number 0141031182 (pbk.)
020 ## - INTERNATIONAL STANDARD BOOK NUMBER
International Standard Book Number 9780141031187 (pbk.)
035 ## - SYSTEM CONTROL NUMBER
System control number (OCoLC)456836805
035 ## - SYSTEM CONTROL NUMBER
System control number ocn456836805
040 ## - CATALOGING SOURCE
Original cataloging agency UKM
Transcribing agency UKM
042 ## - AUTHENTICATION CODE
Authentication code nbic
050 #4 - LIBRARY OF CONGRESS CALL NUMBER
Classification number HC800
082 0# - DEWEY DECIMAL CLASSIFICATION NUMBER
Classification number 338.910 MOY
100 1# - MAIN ENTRY--PERSONAL NAME
Personal name Moyo, Dambisa.
Relator term author
245 10 - TITLE STATEMENT
Title Dead aid :
Remainder of title why aid makes things worse and how there is another way for Africa /
Statement of responsibility, etc. Dambisa Moyo.
260 ## - PUBLICATION, DISTRIBUTION, ETC.
Place of publication, distribution, etc. London :
Name of publisher, distributor, etc. Penguin,
Date of publication, distribution, etc. 2010.
300 ## - PHYSICAL DESCRIPTION
Extent xx, 188 p. ;
Dimensions 20 cm.
500 ## - GENERAL NOTE
General note Originally published: London: Allen Lane, 2009.
504 ## - BIBLIOGRAPHY, ETC. NOTE
Bibliography, etc. note Includes bibliographical references and index.
650 #0 - SUBJECT ADDED ENTRY--TOPICAL TERM
Topical term or geographic name entry element Economic assistance
Geographic subdivision Africa.
650 #0 - SUBJECT ADDED ENTRY--TOPICAL TERM
Topical term or geographic name entry element Economic development
General subdivision Social aspects
Geographic subdivision Africa.
650 #0 - SUBJECT ADDED ENTRY--TOPICAL TERM
Topical term or geographic name entry element Economic development
Geographic subdivision Africa.
650 #0 - SUBJECT ADDED ENTRY--TOPICAL TERM
Topical term or geographic name entry element Poor
General subdivision Services for
Geographic subdivision Africa.
651 #0 - SUBJECT ADDED ENTRY--GEOGRAPHIC NAME
Geographic name Africa
General subdivision Economic conditions
Chronological subdivision 1945-1960.
651 #0 - SUBJECT ADDED ENTRY--GEOGRAPHIC NAME
Geographic name Africa
General subdivision Economic conditions
Chronological subdivision 1960-
942 ## - ADDED ENTRY ELEMENTS (KOHA)
Source of classification or shelving scheme
Koha item type Books - Non Ficton
Holdings
Withdrawn status Lost status Source of classification or shelving scheme Damaged status Not for loan Collection code Permanent Location Current Location Shelving location Date acquired Full call number Barcode Date last seen Price effective from Koha item type
          Non-Fiction KH8 Senior School Library KH8 Senior School Library Non Fiction 2019-08-02 338.910 MOY 3KHSL000100081 2019-08-02 2019-08-02 Books - Non Ficton

Powered By KH8 IT Dept